| 000 | 00669nam a2200205 i 4500 | ||
|---|---|---|---|
| 001 | 52176 | ||
| 003 | ES-MaACL | ||
| 005 | 20251014063118.0 | ||
| 007 | t| | ||
| 008 | 030826s1959 sp ||||1| spa d | ||
| 100 | 1 |
_aChristie, Agatha, _d1890-1976 _938657 |
|
| 245 | 1 | 0 |
_aTrayectoria de boomerang / _cAgatha Christie ; [traducción de Manuel Vallvé]. |
| 260 |
_aBarcelona : _bMolino, _c[1959] ( _eHospitalet : _fA.G. Ponsa) |
||
| 300 |
_a238 p. ; _c17 cm. |
||
| 490 | 1 | _aSelecciones Biblioteca Oro | |
| 700 | 1 |
_aVallvé, Manuel. _9112961 |
|
| 830 | 0 |
_aSelecciones Biblioteca Oro _9182380 |
|
| 852 |
_aES-MaACL _jC-17105 _bR.44205 |
||
| 999 |
_c52176 _d52176 |
||